| 000 | 00791nas a2200253 4500 | ||
|---|---|---|---|
| 001 | BR0105186 | ||
| 003 | BR-BrBNA | ||
| 005 | 20231205102521.0 | ||
| 007 | ta | ||
| 008 | 230509b bl.|||p| |||| 00| 00por d | ||
| 040 |
_aBR-BrBNA _bpor _cBiblioteca Nacional de Agricultura |
||
| 041 | _a(En) | ||
| 072 | _aF30; H20 | ||
| 100 | 1 | _aPedrosa, E.M.R. | |
| 100 | 1 | _aMoura, R.M. | |
| 245 | 1 | _aEffect of continuous growing of resistant soybean genotypes on Meloidogyne arenaria race 1 reproduction | |
| 650 | _aSoja | ||
| 650 | _aMeloidoginose | ||
| 650 | _aVariedade Resistente | ||
| 650 | _aCultivo Continuo | ||
| 773 | 0 |
_tFitopatologia Brasileira (Brazil) _xISSN 0100-4158 _g(Mar 2001), v. 26(1) p. 93-94 _wBR0105186 |
|
| 909 |
_a202311 _bLúcia _c55 _dLúcia Elande |
||
| 942 |
_2AGRIS _n0 _cANA |
||
| 999 |
_c167971 _d167971 |
||